| 000 | 00617nam a2200193Ia 4500 | ||
|---|---|---|---|
| 999 |
_c37719 _d37719 |
||
| 001 | 3694 | ||
| 003 | GE_BSU | ||
| 005 | 20221031105623.0 | ||
| 008 | 181216s2008az xx |||||||||||||| ||aze|| | ||
| 040 | _cGE_BSU | ||
| 041 | _aaze | ||
| 080 | _a94(479.24)(031) N-31 | ||
| 245 |
_aNaxcivan abidalari Ensiklopediyasi : _bAzaraycan Milli Elmar Akademiyasinin Naxcivan bolmasi. |
||
| 264 |
_aNaxcivan, _c2008. |
||
| 300 |
_a519 с. : _b26 см. |
||
| 653 | _aNaxcivan abidalari Ensiklopediyasi. | ||
| 653 | _aნახჭევანის ძეგლების ენციკლოპედია. | ||
| 942 |
_cBK _2udc |
||